=LDR 00000nam 2200000 4500 =001 INLIS000000000002821 =005 20130612091134 =008 ***********************************Ind** =035 ##$$0010-061300000002821 =041 ##$$a Ind =082 ##$$a 899.262 109 =090 ##$$a 899.262 109, Rob-k =100 ##$$a ROBOT, Marsel =245 ##$$a Kajian tolak kaba sastra lisan Manggarasi, Sisilia Wona, Jeladu Kosmas =260 ##$$a 1996 $b Jakarta =300 ##$$a x, 121 hlm, 21 cm =650 ##$$a Kesusastraan Manggarai =650 ##$$a Sejarah =700 ##$$a WONA, Sisilia =850 ##$$a NBPNMAT